| 000 | 01839nam a2200325 i 4500 | ||
|---|---|---|---|
| 003 | DO-SdBNP | ||
| 005 | 20230914112020.0 | ||
| 007 | ta | ||
| 008 | 150114s2022 dr ad 000 0 spa d | ||
| 040 |
_aDO-SdBNP _bspa _cBNPHU _erda |
||
| 082 |
_222 _bG943 |
||
| 110 | 1 |
_aFederación Dominicana de Municipios (FEDOMU) _984131 |
|
| 245 | 1 | 0 |
_aGuía para realización de estudios de caracterización de residuos sólidos municipales / _celaboración Mariely Ponciano, Indhira de Jesús, Rosaura Pimentel, Beatriz Alcántara |
| 264 |
_aSanto Domingo : _bFEDOMU, _bFAMSI, _c2022. |
||
| 300 |
_a90 páginas _bilustraciones, gráficos _c28 cm. |
||
| 336 |
_2rdacontent _atexto _btxt |
||
| 337 |
_2rdamedia _asin mediación _bn |
||
| 338 |
_2rdacarrier _avolumen _bnc |
||
| 500 | _aIncluye glosario de siglas, índice de tablas, índice de figuras. | ||
| 504 | _aBibliografía p: 65 | ||
| 505 |
_tGlosario de siglas -- _gCapitulo I. -- _tIntroducción -- _gCapitulo II. -- _tAntecedentes -- _gCapitulo III. -- _tCompetencias institucionales en la gestión de residuos -- _gCapitulo IV. -- _tConceptos y definiciones claves -- _gCapitulo V. -- _tEstudio de caracterización de residuos sólidos -- _gCapitulo IV. -- _tEtapas del estudio de caracterización -- _gCapitulo VII. -- _tEjemplo -- _gCapitulo VIII. -- _tConclusiones -- _gCapitulo IX. -- _tBibliografía -- _gÍndice de tablas -- _gÍndice de figuras -- |
||
| 590 | _aInventariado, 2023/ YL | ||
| 700 | 1 |
_aPonciano, Mariely _eelaboración y redacción _983859 |
|
| 700 | 1 |
_aDe Jesús, Indhira _eelaboración y redacción _984132 |
|
| 700 | 1 |
_aPimentel, Rosaura _eelaboración y redacción _984133 |
|
| 700 | 1 |
_aAlcántara, Beatriz _eelaboración y redacción _984134 |
|
| 710 |
_aFondo Andaluz de Municipios para la Solidaridad Internacional (FAMSI) _984135 |
||
| 910 | _aYLockward | ||
| 942 |
_2ddc _cLBS1 |
||
| 999 |
_c54748 _d54748 |
||